La estirpe de las gárgolas / (Registro nro. 14015)

Detalles MARC
000 -LEADER
fixed length control field 00860nam a2200253 a 4500
001 - CONTROL NUMBER
control field 000004164
003 - CONTROL NUMBER IDENTIFIER
control field DO-SdBNP
005 - DATE AND TIME OF LATEST TRANSACTION
control field 20220207105356.0
008 - FIXED-LENGTH DATA ELEMENTS--GENERAL INFORMATION
fixed length control field 090717s2006 dr a 000 0 spa d
020 ## - INTERNATIONAL STANDARD BOOK NUMBER
Canceled/invalid ISBN 9945420097
040 ## - CATALOGING SOURCE
Original cataloging agency DO-SdBNP
Language of cataloging spa
Transcribing agency BPMSU
082 ## - DEWEY DECIMAL CLASSIFICATION NUMBER
Classification number RD861.5
Item number N451e 2006
Edition number 22
100 1# - MAIN ENTRY--PERSONAL NAME
Personal name Neronessa,
Dates associated with a name 1988 -
245 13 - TITLE STATEMENT
Title La estirpe de las gárgolas /
Statement of responsibility, etc. Neronessa.
260 ## - PUBLICATION, DISTRIBUTION, ETC. (IMPRINT)
Place of publication, distribution, etc. San Francisco de Macorís, República Dominicana :
Name of publisher, distributor, etc. Secretaría de Estado de Cultura:
-- Ángeles de Fierro,
Date of publication, distribution, etc. 2006.
300 ## - PHYSICAL DESCRIPTION
Extent 67 p. ;
Dimensions 18 cm.
500 ## - GENERAL NOTE
General note Incluye datos biográficos de la autora en la solapa de la cubierta
590 ## - LOCAL NOTE (RLIN)
Local note Inventariado, 2022/VM
650 #4 - SUBJECT ADDED ENTRY--TOPICAL TERM
Topical term or geographic name as entry element Poesía dominicana
650 #4 - SUBJECT ADDED ENTRY--TOPICAL TERM
Topical term or geographic name as entry element Literatura dominicana.
710 2# - ADDED ENTRY--CORPORATE NAME
Corporate name or jurisdiction name as entry element Secretaría de Estado de Cultura (República Dominicana)
910 ## - USER-OPTION DATA (OCLC)
User-option data VMateo V.
942 ## - ADDED ENTRY ELEMENTS (KOHA)
Source of classification or shelving scheme Dewey Decimal Classification
Koha item type Libros
Existencias
Withdrawn status Lost status Source of classification or shelving scheme Damaged status Not for loan Collection code Home library Current library Date acquired Total Checkouts Full call number Barcode Date last seen Price effective from Koha item type
    Dewey Decimal Classification     Colección Dominicana Biblioteca Pública Metropolitana Salomé Ureña Biblioteca Pública Metropolitana Salomé Ureña 02/07/2022   BPMSU CD RD861.5 N451e 2006 BPMSU22020032 02/07/2022 02/07/2022 Libros